00263nam a2200109Ia 4500008004100000082001000041100001700051245001900068260002800087630001900115730001900134100328s9999 xx 000 0 und d b36848 aDenker Henry aA Gift Of Life bThe Poperback Division aA Gift Of Life aA Gift Of Life